Responses for Show #7289 - Thursday, April 28, 2016

Buzzy Cohen game 4.

Contestants

[<< previous game]

Heather Burnett, an accountant from Orlando, Florida

Ben Rothenberg, a sportswriter from Washington, D.C.

Buzzy Cohen, a music executive from Los Angeles, California (whose 3-day cash winnings total $58,401)

[next game >>]

Jeopardy! Round responses

BROADWAY
NASA SAYS
STATELY MUSEUMS
LAST LINK IN THE DRINK
FAMILIAR PHRASES
PEOPLES
    $200 14
King Arthur

Heather
    $200 18
a sky

Heather
    $200 17
New York

Buzzy
    $200 1
vodka

Ben
    $200 26
on to the carpet

Ben
    $200 2
(Buzzy: What is father?)

sheikh

Buzzy
Triple Stumper
    $400 15
Kiss Me, Kate

Ben
    $400 19
(Ben: What is China?)

Canada (or Japan)

BuzzyBen
    $400 16
Louisiana

Heather
    $400 7
orange juice

Ben
    $400 3
the Tutsis

Ben
    $600 23
Cynthia Nixon

Ben
    $600 20
JPL (the Jet Propulsion Laboratory)

Heather
    $3,000 11
(Ben: Uh, what is... uh, Chic--uh, Illinois?)

Nevada

Ben
    $600 8
olive juice

Buzzy
    $600 29
[The end-of-round signal sounds.]

flying off the handle (going off the handle accepted)

Buzzy
    $600 4
Seminole

Ben
    $800 24
(Alex: Less than a minute to go now, Ben.)

the Scottsboro Boys

Triple Stumper
    $800 21
a zodiac (sign)

Heather
    $800 12
(Alex: Now's the time for it.)
(Ben: Okay--)
(Alex: You were just one clue early.)
(Ben: I was just--always ahead. Uh...)

Illinois

Ben
    $800 9
crême de menthe

Triple Stumper
    $800 27
John Wesley

Triple Stumper
    $800 5
(Ben: What is [*]istan?)

Turkmen

Ben
    $1000 25
(Alex: And, uh, just a note that Shuffle Along opens tonight on Broadway.)

(Savion) Glover

Ben
    $1000 22
solar wind

Heather
    $1000 13
Maine

Buzzy
    $1000 10
bitters

Ben
    $1000 28
down the hatch

Heather
    $1000 6
the Sami (or the Lapp)

Buzzy

Scores at the first commercial break (after clue 15):

Buzzy Ben Heather
$2,400 $1,600 $200

Scores at the end of the Jeopardy! Round:

Buzzy Ben Heather
$3,600 $3,000 $4,200

Double Jeopardy! Round responses

PEOPLE ON THE MAP
1948
"ALL" ABOARD
ANCIENT GREEK DRAMA
WHAT'S EATING YOU?
PARIS SITES
    $400 26
Paris Hilton

Buzzy
    $400 16
the military

Ben
    $400 11
a mall

Buzzy
    $400 6
Athens & Sparta

Buzzy
    $400 1
a flea

Buzzy
    $400 19
the Louvre

Ben
    $800 23
Whitney Houston

Ben
    $3,000 17
(Dwight David) Eisenhower

Ben
    $800 12
(Alex: That's it. Baseball.)

the All-Star Game

Ben
    $3,000 7
the chorus

Buzzy
    $800 2
a louse

Ben
    $800 27
the Arc de Triomphe

Ben
    $1200 20
Bryce Dallas Howard

Triple Stumper
    $1200 18
Treasure of the Sierra Madre

Buzzy
    $1200 13
All Fools' Day

Triple Stumper
    $1200 8
Jason

Ben
    $1200 3
a mosquito

Buzzy
    $1200 28
Montmartre

Heather
    $1600 21
Bristol Palin

Ben
    $1600 24
Chiang Kai-shek

Ben
    $1600 14
gall

Ben
    $1600 9
(Buzzy: What is Aphrodite?)

Dionysus

Buzzy
Triple Stumper
    $1600 4
ticks

Buzzy
    $1600 29
the Champs-Élysées

Buzzy
    $2000 22
Sydney Pollack

Triple Stumper
    $2000 25
(Alex: Less than a minute to go.)

Alger Hiss

Triple Stumper
    $2000 15
a walleye

Heather
    $2000 10
the Oresteia trilogy

Heather
    $2000 5
mites

Triple Stumper
    $2000 30
(Alex: Even though it's called [*], or the "new bridge".)

the Pont Neuf

Triple Stumper

Scores at the end of the Double Jeopardy! Round:

Buzzy Ben Heather
$12,200 $16,000 $9,400

[wagering suggestions for these scores]

Final Jeopardy! Round responses

ISLANDS
(Alex: [To Heather] You're on the wrong side of the--of the island.)
...
(Alex: [To Buzzy] Yes. You are at lee of the wind.)
HeatherWhat are the Windward Islands?
$0
BuzzyWhat are the Leeward Islands?
$8,000
BenWhat is South Winds Isla
$8,401
the Leeward Islands

Final scores:

Buzzy Ben Heather
$20,200 $7,599 $9,400
4-day champion: $78,601 3rd place: $1,000 2nd place: $2,000

Game dynamics:

Coryat scores:

Buzzy Ben Heather
$10,000 $16,800 $9,400
15 R
(including 1 DD),
2 W
22 R
(including 1 DD),
2 W
(including 1 DD)
10 R,
0 W

Combined Coryat: $36,200

[game clues] [game scores] [suggest correction]

Game tape date: 2016-03-07
The J! Archive is created by fans, for fans. Scraping, republication, monetization, and malicious use prohibited; this site may use cookies and collect identifying information. See terms. The Jeopardy! game show and all elements thereof, including but not limited to copyright and trademark thereto, are the property of Jeopardy Productions, Inc. and are protected under law. This website is not affiliated with, sponsored by, or operated by Jeopardy Productions, Inc. Join the discussion at JBoard.tv.